| 000 | 00751nam0a22002531 4500 | ||
|---|---|---|---|
| 001 | rc\2698487 | ||
| 005 | 20250623165252.0 | ||
| 035 | _a(NLR Aleph) 006826636 | ||
| 090 |
_a6500495 _c6500495 |
||
| 100 | _a20110915d1934 |||y0rusy50 ca | ||
| 101 | 0 | _arus | |
| 102 | _aRU | ||
| 105 | _aa z ||||| | ||
| 200 | 1 |
_aВода в переработке нефти _fВ. Л. Авгушевич |
|
| 210 |
_aБаку _aМосква _cОнти-Азнефтиздат _d1934 |
||
| 215 |
_a77, [3] с. _cил., табл., черт. _d20 см. |
||
| 300 | _aНапеч. в Баку | ||
| 700 | 1 |
_aАвгушевич _bВ.Л. |
|
| 801 | 0 |
_aRU _bNLR _gpsbo |
|
| 801 | 1 |
_aRU _bELAR _2rusmarc |
|
| 852 |
_aNLR _j34-10/4856 |
||
| 942 | _cBOOK | ||
| 980 | _aNB | ||